La Segunda Guerra Mundial / (Registro nro. 59198)
[ vista simple ]
| 000 -LEADER | |
|---|---|
| fixed length control field | 01073cam a2200301 i 4500 |
| 001 - CONTROL NUMBER | |
| control field | 59198 |
| 003 - CONTROL NUMBER IDENTIFIER | |
| control field | Mx-PuUPA |
| 005 - DATE AND TIME OF LATEST TRANSACTION | |
| control field | 20251022134106.0 |
| 008 - FIXED-LENGTH DATA ELEMENTS--GENERAL INFORMATION | |
| fixed length control field | 140415s1972 sp gr 000 0 spa d |
| 017 ## - COPYRIGHT OR LEGAL DEPOSIT NUMBER | |
| Copyright or legal deposit number | BI.1323-1972 |
| 040 ## - CATALOGING SOURCE | |
| Original cataloging agency | Mx-PuUPA |
| Language of cataloging | spa |
| Transcribing agency | Mx-PuUPA |
| Modifying agency | Mx-PuUPA |
| Description conventions | rda |
| 041 1# - LANGUAGE CODE | |
| Language code of text/sound track or separate title | spa |
| Language code of original | ger |
| 100 1# - MAIN ENTRY--PERSONAL NAME | |
| Personal name | Dahms, Hellmuth Guenther, |
| Relator term | autor |
| 240 10 - UNIFORM TITLE | |
| Uniform title | Das zwiten weltkrieg. |
| Language of a work | Español |
| 245 13 - TITLE STATEMENT | |
| Title | La Segunda Guerra Mundial / |
| Statement of responsibility, etc. | Hellmuth Guenther Dahms ; Víctor Scholz, traducción |
| 250 ## - EDITION STATEMENT | |
| Edition statement | 1a ed. |
| 264 #1 - PRODUCTION, PUBLICATION, DISTRIBUTION, MANUFACTURE, AND COPYRIGHT NOTICE | |
| Place of production, publication, distribution, manufacture | Barcelona, España : |
| Name of producer, publisher, distributor, manufacturer | Editorial Bruguera, |
| Date of production, publication, distribution, manufacture, or copyright notice | 1972 |
| 300 ## - PHYSICAL DESCRIPTION | |
| Extent | 446 páginas ; |
| Dimensions | 18 cm. |
| 336 ## - CONTENT TYPE | |
| Fuente | rdacontent |
| Content type term | texto |
| Content type code | txt |
| 337 ## - MEDIA TYPE | |
| Source | rdamedia |
| Media type term | sin medio |
| Media type code | n |
| 338 ## - CARRIER TYPE | |
| Source | rdacarrier |
| Carrier type term | volumen |
| Carrier type code | nc |
| 650 #7 - SUBJECT ADDED ENTRY--TOPICAL TERM | |
| Source of heading or term | armarc |
| 9 (RLIN) | 13986 |
| Topical term or geographic name entry element | Guerra Mundial II, 1939-1945 |
| General subdivision | Historia |
| 700 1# - ADDED ENTRY--PERSONAL NAME | |
| Personal name | Scholz, Víctor, |
| Relator term | autor |
| 765 0# - ORIGINAL LANGUAGE ENTRY | |
| Main entry heading | Dahms, Hellmuth Guenther |
| Title | Das zwiten weltkrieg. |
| Place, publisher, and date of publication | Hermann Leins, Tübingen : Rainer Wunderlich Verlag, 1963 |
| 942 ## - ADDED ENTRY ELEMENTS (KOHA) | |
| Source of classification or shelving scheme | Dewey Decimal Classification |
| Koha item type | Libro |
| Classification part | 940.53 |
| Item part | D25 |
| Withdrawn status | Lost status | Source of classification or shelving scheme | Damaged status | Not for loan | Collection code | Home library | Current library | Shelving location | Date acquired | Source of acquisition | Total Checkouts | Total Renewals | Full call number | Barcode | Date last seen | Date last checked out | Price effective from | Koha item type |
|---|---|---|---|---|---|---|---|---|---|---|---|---|---|---|---|---|---|---|
| Dewey Decimal Classification | General | Biblioteca Karol Wojtyla | Biblioteca Karol Wojtyla | Sala general | 03/12/2013 | Compra | 7 | 1 | 940.53 D53 1972 | 89519 | 05/01/2026 | 07/03/2025 | 03/12/2013 | Libro | ||||
| Descarte | Dewey Decimal Classification | General | Biblioteca Karol Wojtyla | Biblioteca Karol Wojtyla | Sala general | 03/12/2013 | Compra | 3 | 940.544 DAH | 32384 | 15/03/2022 | 14/03/2022 | 03/12/2013 | Libro |